Wszyscy sąsiedzi Polski w historii - Statystyki

Ogólne statystyki
  • Ten quiz został rozwiązany 615 razy
  • Średni wynik to 15 z 29
Statystyki odpowiedzi
Odpowiedź % Poprawnych
Rosja
98%
Niemcy
97%
Litwa
95%
Czechy
94%
Słowacja
93%
Ukraina
93%
Białoruś
89%
Królestwo Węgierskie
86%
Cesarstwo Austriackie
82%
Łotwa
81%
Królestwo Szwecji
76%
Rumunia
69%
Imperium Osmańskie
68%
Hospodarstwo Mołdawskie
60%
Królestwo Danii
58%
Czechosłowacja
55%
Królestwo Pruskie
55%
Złota Orda
36%
Państwo Zakonu Krzyżackiego
31%
Ruś Kijowska
21%
Marchia Brandenburska
16%
Księstwo Mazowieckie
9%
Republika Nowogrodzka
5%
Republika Pskowska
3%
Księstwo Włodzimierskie
2%
Księstwo Halickie
1%
Księstwo Riazańskie
1%
Związek Wielecki
1%
Księstwo Kopanickie
0%
Nie znaleziono quizów pasujących do podanych kryteriów
Rozkład punktacji
Procent ludzi z każdym wynikiem
Percentyl według liczby udzielonych odpowiedzi
Twoja historia wyników
Nie rozwiązałeś tego quizu